000
00344 a2200157 4500
001
176556
020
_a
040
_c
Magnum
100
_a
Gentil, Nelson
240
1
0
_a
Matematica para o 2 grau/v.2
_l
por
245
1
0
_a
Matematica para o 2 grau/v.2
362
0
_a
1899
440
1
_a
Ática
697
_a
MAGNITO: PARADIDATICO
942
_c
BK
999
_c
176556
_d
176556